000 00553nam a22001817a 4500
999 _c37478
_d37478
005 20230724162104.0
010 _aENG-96666 ENG-137559
020 _a9788183333399
_c120.00
035 _aEN-80199 EN-121091
037 _bDBAD/PUB
082 _a657.0285
100 _aNadhani, Asok K.
245 _aTally-ERP 9 :
_btraining guide /
_cby Asok K. Nadhani
260 _aNew Delhi
_bBPB Publications
_c2010
270 _aB-14 Connaught Place
_bNew Delhi
_e110001
300 _axv, 244 p.
_c24cm (Pbk)
942 _2ddc
_cEN
_h657.0285
_mNAD